DICTIONARY OF FOOD INGREDIENTS (Record no. 7015)

MARC details
000 -LEADER
fixed length control field 00305nam a2200133Ia 4500
008 - FIXED-LENGTH DATA ELEMENTS--GENERAL INFORMATION
fixed length control field 150301s2004 xx 000 0 und d
082 ## - DEWEY DECIMAL CLASSIFICATION NUMBER
Classification number 641.3
Item number IGO
100 ## - MAIN ENTRY--PERSONAL NAME
Personal name IGOE, R.S.
245 ## - TITLE STATEMENT
Title DICTIONARY OF FOOD INGREDIENTS
250 ## - EDITION STATEMENT
Edition statement 3RD
260 ## - PUBLICATION, DISTRIBUTION, ETC. (IMPRINT)
Name of publisher, distributor, etc. CBS- DELHI.
Date of publication, distribution, etc. 2004
300 ## - PHYSICAL DESCRIPTION
Extent 200
942 ## - ADDED ENTRY ELEMENTS (KOHA)
Source of classification or shelving scheme Dewey Decimal Classification
Koha item type Books
Holdings
Withdrawn status Lost status Source of classification or shelving scheme Damaged status Not for loan Collection code Home library Current library Date acquired Source of acquisition Cost, normal purchase price SGTU Bill Number Total Checkouts Full call number Barcode Date last seen Date last checked out Bill Date Koha item type
    Dewey Decimal Classification     HOTEL MANAGEMENT SGT Science & Social Sciences Library SGT Science & Social Sciences Library 02/07/2015 R.K BOOKS 210.00 SGTU IN514 3 641.3 IGO HM90 12/10/2015 12/10/2015 17/06/2015 Books
    Dewey Decimal Classification     HOTEL MANAGEMENT SGT Science & Social Sciences Library SGT Science & Social Sciences Library 02/07/2015 R.K BOOKS 210.00 SGTU IN514   641.3 IGO HM91 02/07/2015   17/06/2015 Books
    Dewey Decimal Classification     HOTEL MANAGEMENT SGT Science & Social Sciences Library SGT Science & Social Sciences Library 02/07/2015 R.K BOOKS 210.00 SGTU IN514   641.3 IGO HM92 29/12/2017   17/06/2015 Books